[Event "English: Neo-Catalan (1800-2300)"]
[Site "SchemingMind.com"]
[Date "2008.08.06"]
[Round "-"]
[White "nimzoking"]
[Black "mikhailtal"]
[Result "1-0"]
[WhiteCountry "ENG"]
[BlackCountry "ENG"]
[WhiteElo "2155"]
[WhiteRD "74"]
[BlackElo "1863"]
[BlackRD "75"]
[GameID "166084"]

1. c4 e6 2. Nf3 Nf6 3. g3 d5 4. Bg2 dxc4 5. Qa4+ Nbd7 6. Qxc4 Nb6 7. Qc2 Be7 8. O-O O-O 9. d4 Bd7 10. e4 Rc8
11. Nc3 c5 12. dxc5 Bxc5 13. e5 Nfd5 14. Ng5 g6 15. Qe2 Nxc3 16. bxc3 Qc7 17. Bf4 Ba4 18. Ne4 Nd5 19. Bg5 Be7 20. Bxe7 Qxe7
21. c4 Nb6 22. Nd6 Rc7 23. Rab1 Bc6 24. Bxc6 Rxc6 25. a4 Rb8 26. a5 Nc8 27. Ne4 Qc7 28. Nf6+ Kf8 29. Qe3 Qxa5 30. Qh6+ Ke7
31. Nxh7 Nb6 32. Qh4+ Kd7 33. Rfd1+
1-0

[Event "English: Neo-Catalan (1800-2300)"]
[Site "SchemingMind.com"]
[Date "2008.08.04"]
[Round "-"]
[White "thebirdolux"]
[Black "mikhailtal"]
[Result "1-0"]
[WhiteCountry "USA"]
[BlackCountry "ENG"]
[WhiteElo "2153"]
[WhiteRD "86"]
[BlackElo "1863"]
[BlackRD "75"]
[GameID "166085"]

1. c4 e6 2. Nf3 Nf6 3. g3 d5 4. Bg2 Be7 5. O-O O-O 6. d4 dxc4 7. Qc2 a6 8. Bg5 h6 9. Bxf6 Bxf6 10. Qxc4 b5
11. Qc2 Bb7 12. e3 Nd7 13. Ng5 hxg5 14. Bxb7 Ra7 15. Bc6 Nb8 16. Bg2 Qe7 17. Nd2 Nd7 18. Nb3 Rc8 19. a4 Qb4 20. axb5 a5
21. Bc6 Nb6 22. Nc5 e5 23. Qc3 Qc4 24. Rfc1 Qxc3 25. bxc3 Rb8 26. Na6 Rd8 27. Rxa5 Nd7 28. Raa1 g4 29. Nb4 Rxa1 30. Rxa1 exd4
31. cxd4 Nf8 32. Ra7 Ne6 33. Na6 Ng5 34. Rxc7 Nh3+ 35. Kf1
1-0

[Event "English: Neo-Catalan (1800-2300)"]
[Site "SchemingMind.com"]
[Date "2008.08.04"]
[Round "-"]
[White "dcon"]
[Black "mikhailtal"]
[Result "1-0"]
[WhiteCountry "RSA"]
[BlackCountry "ENG"]
[WhiteElo "2237"]
[WhiteRD "65"]
[BlackElo "1905"]
[BlackRD "81"]
[GameID "166086"]

1. c4 e6 2. Nf3 Nf6 3. g3 d5 4. d4 Be7 5. Nc3 O-O 6. Bg2 dxc4 7. Ne5 Nc6 8. Bxc6 bxc6 9. Nxc6 Qe8 10. Nxe7+ Qxe7
11. Qa4 e5 12. dxe5 Qxe5 13. Qxc4 Be6 14. Qf4 Qa5 15. O-O Rad8 16. e4 Bh3 17. Re1 Rfe8 18. Qh4 Bf5 19. Bg5 Bg6 20. Bxf6 gxf6
21. Qxf6 Rd2 22. Rad1 Red8 23. Nd5 Rd6 24. Qg5 Rxd1 25. Ne7+ Kf8 26. Nxg6+
1-0